[Event "Seville op 48th"]
[Site "Seville"]
[Date "2023.01.14"]
[Round "2"]
[White "Del Rio de Angelis, Salvador Gabriel"]
[Black "Badier Carave, David Olivier"]
[Result "1-0"]
[WhiteElo "2450"]
[BlackElo "2019"]
[PlyCount "63"]
[EventDate "2023.01.13"]
[EventType "swiss"]
[EventRounds "9"]
[EventCountry "ESP"]
[SourceTitle "CBM 212 Extra"]
[Source "ChessBase"]
[SourceDate "2023.03.31"]
[SourceVersion "1"]
[SourceVersionDate "2023.03.31"]
[SourceQuality "1"]

1. d4 Nf6 2. c4 e6 3. Nf3 c5 4. e3 cxd4 5. exd4 d5 6. Nc3 Be7 7. cxd5 Nxd5 8. Bd3 0-0 9. 0-0 b6 10. Nxd5 exd5 11. Ne5 Bf6 12. Qc2 h6 13. Re1 Bb7 14. Qa4 a6 15. Bd2 b5 16. Qc2 Nd7 17. Ba5 Qxa5 18. Nxd7 Bxd4 19. Nxf8 Rxf8 20. Rad1 Qb6 21. Re2 Bf6 22. Rde1 Bc6 23. Rc1 Ba8 24. Qc7 Bd8 25. Qd7 Qb7 26. Qd6 d4 27. Be4 Be7 28. Qe5 Bf6 29. Bxb7 Bxe5 30. Bxa8 Bf4 31. Rce1 Rxa8 32. Re8+ 1-0

[Event "Malaga op 15th"]
[Site "Malaga"]
[Date "2021.11.01"]
[Round "7"]
[White "Badier Carave, David Olivier"]
[Black "Santana Martin, Juan"]
[Result "1/2-1/2"]
[WhiteElo "1904"]
[BlackElo "2096"]
[PlyCount "76"]
[EventDate "2021.10.29"]
[EventType "swiss"]
[EventRounds "7"]
[EventCountry "ESP"]
[SourceTitle "CBM 204 Extra"]
[Source "ChessBase"]
[SourceDate "2021.11.30"]
[SourceVersion "1"]
[SourceVersionDate "2021.11.30"]
[SourceQuality "1"]

1. d4 Nf6 2. Nf3 g6 3. c4 Bg7 4. Nc3 0-0 5. e4 d6 6. g3 Bg4 7. Bg2 Nbd7 8. 0-0 e5 9. d5 a5 10. h3 Bxf3 11. Bxf3 Ne8 12. Bd2 f5 13. Bg2 f4 14. b3 Qf6 15. Qf3 Qe7 16. Qe2 Bh6 17. f3 Bg5 18. g4 h5 19. Be1 Rf7 20. Qd1 hxg4 21. hxg4 Rh7 22. Kf2 Nef6 23. Rh1 Rxh1 24. Bxh1 Qh7 25. Bg2 Qh2 26. Rc1 Nc5 27. Rc2 Kf7 28. Bd2 Nd3+ 29. Kf1 Nb4 30. Rb2 b6 31. Be1 Bh4 32. Bxh4 Qxh4 33. a3 Na6 34. Qe1 Qxe1+ 35. Kxe1 Nc5 36. Kf1 g5 37. Nb5 Ne8 38. Kg1 a4 1/2-1/2

[Event "Merida World Heritage op 1st"]
[Site "Merida"]
[Date "2021.08.08"]
[Round "8"]
[White "Garrido Piriz, Pablo"]
[Black "Badier Carave, David Olivier"]
[Result "1-0"]
[WhiteElo "2117"]
[BlackElo "1875"]
[PlyCount "51"]
[EventDate "2021.08.04"]
[EventType "swiss"]
[EventRounds "9"]
[EventCountry "ESP"]
[SourceTitle "EXT 2023"]
[Source "ChessBase"]
[SourceDate "2022.10.05"]
[SourceVersion "1"]
[SourceVersionDate "2022.10.05"]
[SourceQuality "1"]

1. e4 c5 2. Ne2 d6 3. g3 g6 4. Bg2 Bg7 5. c3 Nf6 6. d4 0-0 7. 0-0 e5 8. h3 Nc6 9. Be3 b6 10. f4 Bb7 11. fxe5 dxe5 12. dxc5 bxc5 13. Bxc5 Qxd1 14. Rxd1 Rfd8 15. Na3 Bf8 16. Bxf8 Kxf8 17. Kf2 Ke7 18. Nc4 Ke6 19. b4 Ne7 20. Ke3 Ne8 21. Na5 Ba6 22. c4 Rxd1 23. Rxd1 Bc8 24. Nc3 Rb8 25. Rd8 Nd6 26. c5 1-0

[Event "Merida World Heritage op 1st"]
[Site "Merida"]
[Date "2021.08.05"]
[Round "3"]
[White "Badier Carave, David Olivier"]
[Black "Palomo Monserrat, Lorenzo"]
[Result "1-0"]
[WhiteElo "1875"]
[BlackElo "1451"]
[PlyCount "45"]
[EventDate "2021.08.04"]
[EventType "swiss"]
[EventRounds "9"]
[EventCountry "ESP"]
[SourceTitle "EXT 2023"]
[Source "ChessBase"]
[SourceDate "2022.10.05"]
[SourceVersion "1"]
[SourceVersionDate "2022.10.05"]
[SourceQuality "1"]

1. d4 Nf6 2. Nf3 g6 3. g3 Bg7 4. Bg2 0-0 5. 0-0 d5 6. c4 dxc4 7. Na3 Nc6 8. Nxc4 Be6 9. b3 Bd5 10. Bb2 Qd7 11. Re1 Bxf3 12. Bxf3 Rad8 13. e3 h5 14. Qe2 Nd5 15. e4 Nxd4 16. Bxd4 Bxd4 17. exd5 Bxa1 18. Rxa1 Qf5 19. h4 e6 20. dxe6 Rde8 21. e7 Rxe7 22. Qxe7 Qxf3 23. Re1 1-0